| 000 | 00348nam a2200121 4500 | ||
|---|---|---|---|
| 999 |
_c10137 _d10137 |
||
| 008 | 180802b ||||| |||| 00| 0 eng d | ||
| 100 |
_929931 _aVelez, Freddie C. |
||
| 245 |
_aDOJ vows protection of the youth/ _cFreddie C. Velez |
||
| 260 |
_aPhilippines _bManila Bulletin _cc2016 |
||
| 300 | _apage 5. | ||
| 650 | 0 |
_929932 _aYouth. |
|
| 942 |
_2ddc _cPER |
||